<?xml version="1.0" encoding="UTF-8"?>
<record
    xmlns:xsi="http://www.w3.org/2001/XMLSchema-instance"
    xsi:schemaLocation="http://www.loc.gov/MARC21/slim http://www.loc.gov/standards/marcxml/schema/MARC21slim.xsd"
    xmlns="http://www.loc.gov/MARC21/slim">

  <leader>01831nam a2200205 a 4500</leader>
  <controlfield tag="008">180206e2003    sp ||||| |||| 00| f spa d</controlfield>
  <datafield tag="020" ind1=" " ind2=" ">
    <subfield code="a">8423334600</subfield>
  </datafield>
  <datafield tag="041" ind1=" " ind2=" ">
    <subfield code="a">spa</subfield>
  </datafield>
  <datafield tag="092" ind1=" " ind2=" ">
    <subfield code="c">808.8</subfield>
    <subfield code="l">62</subfield>
    <subfield code="s">OLD</subfield>
  </datafield>
  <datafield tag="100" ind1="1" ind2=" ">
    <subfield code="a">Oldenbourg, Zoe</subfield>
    <subfield code="9">3501</subfield>
  </datafield>
  <datafield tag="245" ind1=" " ind2="3">
    <subfield code="a">La piedra angular /</subfield>
    <subfield code="c">Zoe Oldenbourg</subfield>
  </datafield>
  <datafield tag="250" ind1=" " ind2=" ">
    <subfield code="a">1a ed.</subfield>
    <subfield code="b">Trad. Maria Barbeito</subfield>
  </datafield>
  <datafield tag="260" ind1=" " ind2=" ">
    <subfield code="a">Barcelona:</subfield>
    <subfield code="b">Ediciones Destino;</subfield>
    <subfield code="c">2003.</subfield>
  </datafield>
  <datafield tag="300" ind1=" " ind2=" ">
    <subfield code="a">591 p.</subfield>
  </datafield>
  <datafield tag="500" ind1=" " ind2=" ">
    <subfield code="a">Oldenbourg, Z. (2003). La piedra angular. (1a ed.). Barcelona : Booket.</subfield>
  </datafield>
  <datafield tag="505" ind1=" " ind2=" ">
    <subfield code="a">Impresionante retablo del mundo feudal, La piedra angular sit&#xFA;a su acci&#xF3;n a principios del siglo XIII. La vida de los se&#xF1;ores feudales, el ambiente de los torneos, la evidencia y la ambici&#xF3;n de mayores riquezas contrastan con la miseria de los peregrinos, de los vagabundos que escapan de los horrores de la guerra. La autora estudia a trav&#xE9;s de los personajes los eternos problemas del hombre y de la historia para hacernos comprender aquellas cosas que hicieron cambiar la vida y las costumbres de los hombres pero tambi&#xE9;n aquellas que dieron origen a tantas tragedias individuales y colectivas. La extraordinaria capacidad descriptiva de Zo&#xE9; Oldenbourg consigue que los detalles del paisaje, el sonido de los cascos de los caballos, los latidos de la fiebre, los sentimientos m&#xE1;s ocultos en el fondo del alma de los personajes vayan creando la v&#xED;vida reconstrucci&#xF3;n de un mundo lejano que la autora consigue que nos parezca pr&#xF3;ximo y fascinador a la vez. Un impresionante retablo de hombres y paisajes -desde los caminos de Languedoc hasta los valles de Palestina- del lejano mundo feudal prodigiosamente reconstruido en un libro que ha sido calificado como la mejor novela hist&#xF3;rica de todos los tiempos. </subfield>
  </datafield>
  <datafield tag="590" ind1=" " ind2=" ">
    <subfield code="a">DONACION MARIA VITARELLI DIC/2017.</subfield>
  </datafield>
  <datafield tag="655" ind1=" " ind2=" ">
    <subfield code="a">Literatura</subfield>
    <subfield code="9">2917</subfield>
  </datafield>
  <datafield tag="942" ind1=" " ind2=" ">
    <subfield code="2">ddc</subfield>
    <subfield code="c">LIT</subfield>
  </datafield>
  <datafield tag="999" ind1=" " ind2=" ">
    <subfield code="c">2630</subfield>
    <subfield code="d">2630</subfield>
  </datafield>
  <datafield tag="952" ind1=" " ind2=" ">
    <subfield code="0">0</subfield>
    <subfield code="1">0</subfield>
    <subfield code="2">ddc</subfield>
    <subfield code="4">0</subfield>
    <subfield code="7">0</subfield>
    <subfield code="a">BFM</subfield>
    <subfield code="b">BFM</subfield>
    <subfield code="c">CR</subfield>
    <subfield code="d">2018-02-06</subfield>
    <subfield code="e">Donacion</subfield>
    <subfield code="l">1</subfield>
    <subfield code="o">808.8 62 OLD</subfield>
    <subfield code="p">4160</subfield>
    <subfield code="r">2020-03-10</subfield>
    <subfield code="s">2019-12-20</subfield>
    <subfield code="t">Ej. 1</subfield>
    <subfield code="w">2018-02-06</subfield>
    <subfield code="y">LIT</subfield>
    <subfield code="z">DONACION MARIA VITARELLI DIC/2017.</subfield>
  </datafield>
</record>
